|
|
|
|
| LEADER |
02373nam a2200505 4500 |
| 001 |
978-981-10-7817-0 |
| 003 |
DE-He213 |
| 005 |
20191027051638.0 |
| 007 |
cr nn 008mamaa |
| 008 |
180511s2018 si | s |||| 0|eng d |
| 020 |
|
|
|a 9789811078170
|9 978-981-10-7817-0
|
| 024 |
7 |
|
|a 10.1007/978-981-10-7817-0
|2 doi
|
| 040 |
|
|
|d GrThAP
|
| 050 |
|
4 |
|a HD30.23
|
| 072 |
|
7 |
|a KJT
|2 bicssc
|
| 072 |
|
7 |
|a BUS049000
|2 bisacsh
|
| 072 |
|
7 |
|a KJT
|2 thema
|
| 072 |
|
7 |
|a KJMD
|2 thema
|
| 082 |
0 |
4 |
|a 658.40301
|2 23
|
| 245 |
1 |
0 |
|a Proceedings of the Fifth International Forum on Decision Sciences
|h [electronic resource] /
|c edited by Xiang Li, Xiaofeng Xu.
|
| 250 |
|
|
|a 1st ed. 2018.
|
| 264 |
|
1 |
|a Singapore :
|b Springer Singapore :
|b Imprint: Springer,
|c 2018.
|
| 300 |
|
|
|a VII, 319 p. 48 illus., 33 illus. in color.
|b online resource.
|
| 336 |
|
|
|a text
|b txt
|2 rdacontent
|
| 337 |
|
|
|a computer
|b c
|2 rdamedia
|
| 338 |
|
|
|a online resource
|b cr
|2 rdacarrier
|
| 347 |
|
|
|a text file
|b PDF
|2 rda
|
| 490 |
1 |
|
|a Uncertainty and Operations Research,
|x 2195-996X
|
| 520 |
|
|
|a The proceedings volume consists of academic papers on decision-making under uncertainty, smart decision, stochastic optimization, management simulation and its applications. It presents some compelling and valuable results on the cutting-edge modeling methods and the practical case studies in the operations management process for power, transportation, and logistics companies.
|
| 650 |
|
0 |
|a Operations research.
|
| 650 |
|
0 |
|a Decision making.
|
| 650 |
|
0 |
|a Business logistics.
|
| 650 |
1 |
4 |
|a Operations Research/Decision Theory.
|0 http://scigraph.springernature.com/things/product-market-codes/521000
|
| 650 |
2 |
4 |
|a Logistics.
|0 http://scigraph.springernature.com/things/product-market-codes/519020
|
| 700 |
1 |
|
|a Li, Xiang.
|e editor.
|4 edt
|4 http://id.loc.gov/vocabulary/relators/edt
|
| 700 |
1 |
|
|a Xu, Xiaofeng.
|e editor.
|4 edt
|4 http://id.loc.gov/vocabulary/relators/edt
|
| 710 |
2 |
|
|a SpringerLink (Online service)
|
| 773 |
0 |
|
|t Springer eBooks
|
| 776 |
0 |
8 |
|i Printed edition:
|z 9789811078163
|
| 776 |
0 |
8 |
|i Printed edition:
|z 9789811078187
|
| 776 |
0 |
8 |
|i Printed edition:
|z 9789811340055
|
| 830 |
|
0 |
|a Uncertainty and Operations Research,
|x 2195-996X
|
| 856 |
4 |
0 |
|u https://doi.org/10.1007/978-981-10-7817-0
|z Full Text via HEAL-Link
|
| 912 |
|
|
|a ZDB-2-BUM
|
| 950 |
|
|
|a Business and Management (Springer-41169)
|